| 000 | 00684nam a2200265 4500 | ||
|---|---|---|---|
| 001 | 113757 | ||
| 003 | ES-MaBCM | ||
| 005 | 20241016140747.0 | ||
| 008 | 051031s1974 esp spa d | ||
| 017 | _aB.10445-1974 | ||
| 020 | _a84-280-0781-0 | ||
| 021 | _axx | ||
| 035 | _a(OCoLC)433028117 | ||
| 035 | _a(OCoLC)433028117 | ||
| 040 | _cES-MaBCM | ||
| 041 | 0 | _aspa | |
| 100 | 1 |
_aTorres, Estanislau _964036 |
|
| 245 | 1 | 3 |
_aLa batalla del Ebro _cEstanislau Torres |
| 260 |
_aBarcelona : _bNova Terra, _c1974 |
||
| 300 |
_a241 p. _c21 cm |
||
| 440 | 3 |
_aEl sentido de la historia _9106273 _v8 |
|
| 650 | 2 | 7 |
_aGuerra civil _958847 |
| 651 | 2 | 4 |
_aEspaƱa _9115342 |
| 942 | _cBK | ||
| 999 |
_c113757 _d113757 |
||